[Event "CP-2012-Q-00003"]
[Site "LSS email"]
[Date "2013.12.17"]
[Round "?"]
[White "Szabo, Vilmos"]
[Black "Weeks, Mark A"]
[Result "1-0"]
[WhiteElo "2255"]
[BlackElo "2214"]
[PlyCount "127"]
[EventDate "2013.12.22"]
[EventType "tourn (corr)"]
[EventRounds "6"]
[EventCountry "GER"]
[SourceTitle "Corr 2015"]
[Source "ChessBase"]
[SourceDate "2015.07.17"]
[SourceVersion "1"]
[SourceVersionDate "2015.07.17"]
[SourceQuality "1"]

1. d4 Nf6 2. c4 e6 3. Nf3 c5 4. Nc3 cxd4 5. Nxd4 a6 6. e4 Qc7 7. Be2 b6 8. Be3 Bb7 9. f3 Be7 10. 0-0 0-0 11. Rc1 d6 12. Qe1 Nbd7 13. b4 Rac8 14. Qg3 Qb8 15. Rfd1 Rfe8 16. Nb3 d5 17. Qxb8 Nxb8 18. c5 dxe4 19. cxb6 exf3 20. Bxf3 Bxf3 21. gxf3 Bxb4 22. Ne4 Nd5 23. Rxc8 Rxc8 24. b7 Rc7 25. Nec5 g5 26. a4 Kf8 27. f4 Ke7 28. Bd4 Bc3 29. fxg5 Bxd4+ 30. Rxd4 Nb6 31. Kf1 N6d7 32. Rc4 Nxc5 33. Nxc5 Rc6 34. h4 Rb6 35. Rd4 Rb2 36. Ke1 Ke8 37. Rd2 Rb4 38. Rd3 Rb2 39. Rd4 Ke7 40. h5 Ke8 41. Kd1 Ke7 42. Rd3 Rb4 43. Kd2 a5 44. Ke3 Rb1 45. h6 Re1+ 46. Kd2 Rb1 47. Rb3 Rh1 48. Ne4 Rh2+ 49. Kc1 Rh4 50. Nf6 Kd6 51. Rc3 Rh1+ 52. Kc2 Rh2+ 53. Kb3 Rh4 54. Nxh7 Rb4+ 55. Ka3 Nd7 56. Rb3 Kc7 57. Rxb4 axb4+ 58. Kxb4 Kxb7 59. Kb5 Kc7 60. a5 Kb7 61. a6+ Ka7 62. Nf6 Nf8 63. h7 Ng6 64. Nd7 1-0

[Event "CP-2010-S-00003"]
[Site "LSS email"]
[Date "2013.05.01"]
[Round "?"]
[White "Narkun, Michal"]
[Black "Weeks, Mark A"]
[Result "1-0"]
[WhiteElo "2289"]
[BlackElo "2192"]
[PlyCount "109"]
[EventDate "2013.05.05"]
[EventType "tourn (corr)"]
[EventRounds "7"]
[EventCountry "GER"]
[SourceTitle "Telechess CBM 167"]
[Source "ChessBase"]
[SourceDate "2015.07.13"]
[SourceVersion "1"]
[SourceVersionDate "2015.07.13"]
[SourceQuality "1"]

1. d4 Nf6 2. c4 e6 3. Nc3 Bb4 4. f3 d5 5. a3 Bxc3+ 6. bxc3 c5 7. cxd5 exd5 8. e3 Qc7 9. Ne2 0-0 10. g4 Nc6 11. Ng3 Re8 12. Bd3 h5 13. g5 Nh7 14. Bxh7+ Kxh7 15. Nxh5 Bf5 16. Kf2 Rac8 17. Ra2 cxd4 18. cxd4 Ne7 19. Bd2 Bd3 20. h4 Kg8 21. Rb2 b6 22. Nf4 Nf5 23. h5 Ba6 24. g6 Bc4 25. Qg1 f6 26. Qg4 Nh6 27. Qh3 Qe7 28. Ra1 Rc6 29. a4 Kh8 30. Rc1 Rec8 31. Rbc2 Qd6 32. Rc3 f5 33. Qh1 Qb4 34. a5 b5 35. R3c2 Qa3 36. Qe1 Qe7 37. Bb4 Qh4+ 38. Kg1 Qg5+ 39. Kh2 Qf6 40. Qg3 R8c7 41. Kg1 Rc8 42. Kf2 R8c7 43. Rc3 Rc8 44. Rh1 Qd8 45. Qh4 Rf6 46. Nd3 Qd7 47. Ne5 Qc7 48. Qf4 Re6 49. Rcc1 Ra6 50. Nxc4 Qxf4 51. exf4 bxc4 52. Rb1 Ng8 53. Rhe1 Nf6 54. Be7 Ng8 55. Rb5 1-0

[Event "CP-2010-S-00003"]
[Site "LSS email"]
[Date "2013.05.01"]
[Round "?"]
[White "Percze, Rajmond"]
[Black "Weeks, Mark A"]
[Result "1/2-1/2"]
[WhiteElo "2336"]
[BlackElo "2192"]
[PlyCount "81"]
[EventDate "2013.05.05"]
[EventType "tourn (corr)"]
[EventRounds "7"]
[EventCountry "GER"]
[SourceTitle "Telechess CBM 167"]
[Source "ChessBase"]
[SourceDate "2015.07.13"]
[SourceVersion "1"]
[SourceVersionDate "2015.07.13"]
[SourceQuality "1"]

1. e4 c5 2. Nf3 e6 3. d4 cxd4 4. Nxd4 Nc6 5. Nc3 Qc7 6. Be2 a6 7. 0-0 Nf6 8. Be3 Bb4 9. Na4 0-0 10. c4 Be7 11. Nc3 d6 12. f4 Bd7 13. Rc1 Rac8 14. Nb3 Qb8 15. Kh1 b6 16. Bg1 Rce8 17. Rf3 Bc8 18. Rg3 Bd8 19. Qd2 Bb7 20. Nd4 Ne7 21. f5 Nxe4 22. Nxe4 Bxe4 23. f6 Ng6 24. fxg7 Kxg7 25. Bd3 Bxd3 26. Rxd3 Qb7 27. Nf3 f6 28. Rxd6 Bc7 29. Rd7+ Rf7 30. Rxf7+ Kxf7 31. Rf1 Re7 32. b3 Bf4 33. Qd3 Kg7 34. a4 Bb8 35. b4 e5 36. Qf5 Qc6 37. b5 axb5 38. cxb5 Qe6 39. Qe4 f5 40. Qc2 f4 41. Rd1 1/2-1/2

[Event "CP-2010-S-00003"]
[Site "LSS email"]
[Date "2013.05.01"]
[Round "?"]
[White "Szczepanski, Zbigniew"]
[Black "Weeks, Mark A"]
[Result "1-0"]
[WhiteElo "2494"]
[BlackElo "2192"]
[PlyCount "143"]
[EventDate "2013.05.05"]
[EventType "tourn (corr)"]
[EventRounds "7"]
[EventCountry "GER"]
[SourceTitle "Telechess CBM 167"]
[Source "ChessBase"]
[SourceDate "2015.07.13"]
[SourceVersion "1"]
[SourceVersionDate "2015.07.13"]
[SourceQuality "1"]

1. d4 Nf6 2. c4 e6 3. Nf3 c5 4. g3 cxd4 5. Nxd4 Qc7 6. Nd2 Nc6 7. Nb5 Qb8 8. Bg2 a6 9. Nc3 b5 10. 0-0 Be7 11. Nde4 Nxe4 12. Nxe4 bxc4 13. Bf4 e5 14. Be3 f5 15. Nc3 f4 16. Bd2 0-0 17. e3 Nb4 18. a3 Nd3 19. Nd5 Bd6 20. Qc2 f3 21. Bxf3 Rxf3 22. Qxc4 Rf7 23. Qxd3 a5 24. Qe4 Ba6 25. Rfc1 Bb7 26. b4 Bc6 27. Qc4 Qb7 28. e4 axb4 29. Bxb4 Bxd5 30. exd5 Qa7 31. Rf1 Rf6 32. Kg2 Raf8 33. f3 Qb8 34. Rab1 Qa8 35. Rf2 Rc8 36. Qe4 Bc5 37. Bxc5 Rxc5 38. a4 Ra5 39. Qxe5 Rf8 40. Qc7 Qxd5 41. Rd1 Qxd1 42. Qxa5 Qb3 43. Qb5 Qxb5 44. axb5 Rb8 45. Rb2 Rb6 46. f4 Kf7 47. Kf3 g6 48. g4 Ke7 49. Ke4 Kd8 50. h4 Re6+ 51. Kd5 Rb6 52. f5 gxf5 53. gxf5 Kc8 54. h5 Kd8 55. Kd4 Rd6+ 56. Ke5 Rb6 57. f6 Ke8 58. Kd4 d6 59. Ke4 Kf7 60. Kf5 h6 61. Rb1 d5 62. Ke5 d4 63. Kxd4 Kxf6 64. Kc5 Rb8 65. b6 Kg5 66. Rh1 Rc8+ 67. Kd6 Rd8+ 68. Kc7 Rd2 69. Rb1 Rc2+ 70. Kd6 Rd2+ 71. Ke7 Re2+ 72. Kf7 1-0

[Event "CP-2010-S-00003"]
[Site "LSS email"]
[Date "2013.05.01"]
[Round "?"]
[White "Weeks, Mark A"]
[Black "Percze, Janos"]
[Result "1/2-1/2"]
[WhiteElo "2192"]
[BlackElo "2409"]
[PlyCount "74"]
[EventDate "2013.05.05"]
[EventType "tourn (corr)"]
[EventRounds "7"]
[EventCountry "GER"]
[SourceTitle "Telechess CBM 167"]
[Source "ChessBase"]
[SourceDate "2015.07.13"]
[SourceVersion "1"]
[SourceVersionDate "2015.07.13"]
[SourceQuality "1"]

1. e4 g6 2. d4 Bg7 3. c4 d6 4. Nc3 Nf6 5. Nf3 0-0 6. Be2 e5 7. 0-0 Nc6 8. d5 Ne7 9. b4 Ne8 10. c5 f5 11. Ng5 h6 12. Ne6 Bxe6 13. dxe6 fxe4 14. cxd6 cxd6 15. Nxe4 b6 16. b5 d5 17. Ba3 Nc7 18. Rc1 Nxe6 19. Bxe7 Qxe7 20. Qxd5 Rad8 21. Qb3 Kh7 22. Qb1 Nd4 23. Bd3 h5 24. Rc3 Rd7 25. a4 Rfd8 26. Qa2 Bh6 27. a5 Qh4 28. axb6 axb6 29. Ra1 Bf4 30. h3 Kh6 31. Kh1 Bg5 32. Rf1 Be7 33. Bb1 Qf4 34. Re3 Rf8 35. Nc3 Bc5 36. Ne4 Be7 37. Nc3 Bc5 1/2-1/2

[Event "CP-2010-S-00003"]
[Site "LSS email"]
[Date "2013.05.01"]
[Round "?"]
[White "Weeks, Mark A"]
[Black "Van Seben, Edgar"]
[Result "1/2-1/2"]
[WhiteElo "2192"]
[BlackElo "2391"]
[PlyCount "76"]
[EventDate "2013.05.05"]
[EventType "tourn (corr)"]
[EventRounds "7"]
[EventCountry "GER"]
[SourceTitle "Telechess CBM 167"]
[Source "ChessBase"]
[SourceDate "2015.07.13"]
[SourceVersion "1"]
[SourceVersionDate "2015.07.13"]
[SourceQuality "1"]

1. e4 c5 2. Nf3 d6 3. d4 cxd4 4. Nxd4 Nf6 5. Nc3 a6 6. Be2 e5 7. Nb3 Be7 8. 0-0 0-0 9. Re1 Be6 10. Bf3 Qc7 11. a4 Rc8 12. a5 Nbd7 13. Be3 h6 14. h3 Qc6 15. Re2 Nf8 16. Nd5 Bd8 17. c3 Ng6 18. Nxf6+ Bxf6 19. Nd2 Rd8 20. c4 Bg5 21. b3 Bxe3 22. Rxe3 b5 23. axb6 Qxb6 24. Nb1 Rdb8 25. Be2 Qd4 26. Nc3 Nf4 27. Bf3 Ra7 28. Ra3 Bd7 29. Ra2 Qxd1+ 30. Bxd1 a5 31. Ra3 Kf8 32. Bg4 Bc6 33. g3 Ne6 34. Bxe6 fxe6 35. f3 Ke7 36. Kf2 g5 37. Rd3 h5 38. Ke3 Raa8 1/2-1/2

[Event "CP-2012-P-00034"]
[Site "LSS email"]
[Date "2012.10.01"]
[Round "?"]
[White "Gamb, Roper"]
[Black "Weeks, Mark A"]
[Result "0-1"]
[WhiteElo "1823"]
[BlackElo "2200"]
[PlyCount "66"]
[EventDate "2012.10.05"]
[EventType "tourn (corr)"]
[EventRounds "6"]
[EventCountry "GER"]
[SourceTitle "Telechess CBM 163"]
[Source "ChessBase"]
[SourceDate "2014.11.11"]
[SourceVersion "2"]
[SourceVersionDate "2014.11.11"]
[SourceQuality "1"]

1. d4 Nf6 2. Nf3 e6 3. Nbd2 c5 4. e3 b6 5. Bd3 Bb7 6. b3 Nc6 7. a3 Be7 8. Bb2 0-0 9. 0-0 Qc7 10. c4 cxd4 11. exd4 d5 12. Rc1 Rac8 13. Qe2 Rfd8 14. c5 a5 15. Ng5 h6 16. Nxe6 fxe6 17. Qxe6+ Kh8 18. Nf3 Qd7 19. Bf5 Qxe6 20. Bxe6 Nd7 21. cxb6 Rb8 22. Bxd7 Rxd7 23. Rfe1 Kg8 24. Ne5 Nxe5 25. dxe5 d4 26. e6 Rd5 27. h4 Bc5 28. Rxc5 Rxc5 29. Bxd4 Rd5 30. Re4 Rbd8 31. e7 Re8 32. f3 Rd7 33. Rf4 Rexe7 0-1

[Event "CP-2010-Q-00011"]
[Site "LSS email"]
[Date "2012.01.15"]
[Round "?"]
[White "Kurowski, Andrzej"]
[Black "Weeks, Mark A"]
[Result "0-1"]
[WhiteElo "2080"]
[BlackElo "2203"]
[PlyCount "98"]
[EventDate "2012.01.20"]
[EventType "tourn (corr)"]
[EventRounds "6"]
[EventCountry "GER"]
[SourceTitle "Telechess CBM 159"]
[Source "ChessBase"]
[SourceDate "2014.03.17"]
[SourceVersion "1"]
[SourceVersionDate "2014.03.17"]
[SourceQuality "1"]

1. Nf3 Nf6 2. c4 e6 3. d4 c5 4. Nc3 cxd4 5. Nxd4 a6 6. e4 Qc7 7. a3 b6 8. Be3 Bb7 9. Bd3 Bd6 10. h3 0-0 11. 0-0 Bh2+ 12. Kh1 Bf4 13. Qd2 Bxe3 14. Qxe3 d6 15. Be2 Nbd7 16. Rad1 Rfe8 17. f4 Rad8 18. b4 Nf8 19. Bd3 d5 20. e5 dxc4 21. exf6 cxd3 22. fxg7 Ng6 23. Ne4 Bxe4 24. Qxe4 Qc4 25. Qxd3 Qxd3 26. Rxd3 Rd5 27. f5 exf5 28. Rd2 Red8 29. Rfd1 Ne5 30. Nb3 Rxd2 31. Rxd2 Rxd2 32. Nxd2 Kxg7 33. Kg1 Kf6 34. Kf2 Ke6 35. Ke3 Kd5 36. Kf4 Nc4 37. Nb1 Kd4 38. g3 Kd3 39. Kxf5 Kc2 40. Kf6 Kxb1 41. h4 Nxa3 42. h5 a5 43. bxa5 bxa5 44. h6 Nc4 45. Kg7 a4 46. Kxh7 a3 47. Kg8 Ne5 48. h7 Ng6 49. Kxf7 a2 0-1

[Event "CP-2008-S-00005"]
[Site "LSS email"]
[Date "2011.05.07"]
[Round "?"]
[White "Ermolaev, Andrey Stanislavovi"]
[Black "Weeks, Mark A"]
[Result "1/2-1/2"]
[WhiteElo "2367"]
[BlackElo "2190"]
[PlyCount "97"]
[EventDate "2011.05.14"]
[EventType "tourn (corr)"]
[EventRounds "8"]
[EventCountry "GER"]
[SourceTitle "Telechess CBM 153"]
[Source "ChessBase"]
[SourceDate "2013.03.14"]
[SourceVersion "1"]
[SourceVersionDate "2013.03.14"]
[SourceQuality "1"]

1. e4 c5 2. Nf3 e6 3. d4 cxd4 4. Nxd4 Nc6 5. Nc3 Qc7 6. Be2 a6 7. Be3 b5 8. 0-0 Bb7 9. Nxc6 Bxc6 10. a3 Nf6 11. Qd3 Be7 12. f4 d6 13. Bd4 0-0 14. Qg3 Rfd8 15. Rad1 Rac8 16. Bf3 a5 17. b4 axb4 18. axb4 Ra8 19. Kh1 Ra6 20. Rd3 Rc8 21. e5 Ne8 22. Ne4 Bxe4 23. Bxe4 d5 24. Rc3 Rc6 25. Rxc6 Qxc6 26. Bd3 Bxb4 27. f5 exf5 28. Bxf5 Rc7 29. e6 fxe6 30. Bd3 g6 31. Qg4 Rb7 32. h4 Qd6 33. h5 e5 34. hxg6 hxg6 35. Bxg6 Rg7 36. Bf7+ Kh8 37. Qc8 Qh6+ 38. Kg1 exd4 39. Qxe8+ Kh7 40. Be6 Qe3+ 41. Kh1 Qh6+ 42. Bh3 Bd6 43. Qxb5 Qg5 44. Qe8 Rc7 45. Rf7+ Rxf7 46. Qxf7+ Kh8 47. Qe8+ Kg7 48. Qd7+ Be7 49. Qg4 1/2-1/2

[Event "CP-2008-S-00005"]
[Site "LSS email"]
[Date "2011.05.07"]
[Round "?"]
[White "Weeks, Mark A"]
[Black "Tavani, Alberto"]
[Result "1/2-1/2"]
[WhiteElo "2190"]
[BlackElo "2300"]
[PlyCount "134"]
[EventDate "2011.05.14"]
[EventType "tourn (corr)"]
[EventRounds "8"]
[EventCountry "GER"]
[SourceTitle "Telechess CBM 153"]
[Source "ChessBase"]
[SourceDate "2013.03.14"]
[SourceVersion "1"]
[SourceVersionDate "2013.03.14"]
[SourceQuality "1"]

1. e4 c5 2. Nf3 Nc6 3. d4 cxd4 4. Nxd4 Nf6 5. Nc3 d6 6. Bg5 e6 7. Qd2 a6 8. 0-0-0 Bd7 9. f3 Be7 10. h4 h6 11. Be3 h5 12. Bg5 Ne5 13. f4 Neg4 14. Qe1 0-0 15. Be2 Rc8 16. Bxf6 Bxf6 17. Bxg4 hxg4 18. e5 Be7 19. f5 exf5 20. e6 Bxe6 21. Nxe6 fxe6 22. Qxe6+ Kh8 23. Rhf1 Bf6 24. Rxf5 Qe8 25. Qxd6 Bxc3 26. Rxf8+ Qxf8 27. Qxf8+ Rxf8 28. bxc3 Rf2 29. g3 Rg2 30. Rd3 g5 31. hxg5 Kg7 32. c4 Kg6 33. c5 Kxg5 34. Kb2 Kf6 35. Re3 Kf5 36. a3 Kf6 37. Kb3 Rf2 38. Kc3 Rg2 39. Kd3 Rf2 40. a4 Rf5 41. Kd4 Rf2 42. Rc3 Ke6 43. c6 bxc6 44. Rxc6+ Ke7 45. Rc3 Kd6 46. Kc4 Ke5 47. Re3+ Kd6 48. c3 Rg2 49. Kb4 Kd5 50. Ka5 Rf2 51. Rd3+ Ke4 52. Rd1 Rc2 53. Rf1 Rxc3 54. Rf4+ Ke5 55. Rxg4 Kf5 56. Rg8 Rc4 57. Rf8+ Ke5 58. Re8+ Kd5 59. Rg8 Ke6 60. Rb8 Rg4 61. Rb3 Kd5 62. Rf3 Kc6 63. Rd3 Kb7 64. Rc3 Rg5+ 65. Kb4 Rg4+ 66. Ka5 Rg5+ 67. Kb4 Rg4+ 1/2-1/2

[Event "CP-2010-P-00056"]
[Site "LSS email"]
[Date "2010.09.28"]
[Round "?"]
[White "Germanes, Ramil"]
[Black "Weeks, Mark A"]
[Result "1/2-1/2"]
[WhiteElo "1274"]
[BlackElo "2160"]
[PlyCount "140"]
[EventDate "2010.10.01"]
[EventType "tourn (corr)"]
[EventRounds "6"]
[EventCountry "GER"]
[SourceTitle "Telechess CBM 151"]
[Source "ChessBase"]
[SourceDate "2012.11.13"]
[SourceVersion "1"]
[SourceVersionDate "2012.11.13"]
[SourceQuality "1"]

1. d4 Nf6 2. c4 e6 3. Nc3 Bb4 4. Qc2 c5 5. dxc5 0-0 6. a3 Bxc5 7. Nf3 b6 8. Bg5 Bb7 9. e4 h6 10. Bh4 Be7 11. Rd1 Nh5 12. Bxe7 Qxe7 13. Be2 Nf4 14. 0-0 f5 15. Rfe1 Na6 16. exf5 Nxg2 17. Kxg2 Rxf5 18. Rd5 Rf4 19. Qd2 Qf6 20. Rxd7 Rg4+ 21. Kf1 Bxf3 22. Bxf3 Qxf3 23. Rd8+ Rxd8 24. Qxd8+ Kh7 25. Re3 Qg2+ 26. Ke2 Rf4 27. Qd3+ Kg8 28. Qd8+ Kh7 29. Qd3+ Kg8 30. Qd8+ Rf8 31. Qh4 Qh1 32. Qe4 Qxh2 33. Qxe6+ Kh7 34. Qe4+ Kh8 35. Rf3 Qh5 36. Qd5 Qg4 37. Qe4 Qh5 38. Qd5 Re8+ 39. Kd2 Qg4 40. Kc2 Nc5 41. Rg3 Qf4 42. Rf3 Qg4 43. Rg3 Qc8 44. f4 Qc7 45. Qh5 Qd7 46. Qd5 Qc7 47. Qh5 Qe7 48. f5 Nd7 49. Rd3 Nf6 50. Qf3 Qe5 51. b4 h5 52. Rd2 Rf8 53. Nd5 Ng4 54. f6 gxf6 55. Re2 Qg5 56. Re7 Rf7 57. Re8+ Kh7 58. Qe4+ f5 59. Qe6 Qg7 60. Nf4 Nh6 61. c5 bxc5 62. bxc5 h4 63. c6 h3 64. Qe2 Qg4 65. Qf2 Rc7 66. Re6 Nf7 67. Kb2 Ng5 68. Rg6 Re7 69. Qh2 Re4 70. Rxg5 Qxg5 1/2-1/2

[Event "CP-2010-P-00056"]
[Site "LSS email"]
[Date "2010.09.28"]
[Round "?"]
[White "Loehr, Roland"]
[Black "Weeks, Mark A"]
[Result "1/2-1/2"]
[WhiteElo "1940"]
[BlackElo "2160"]
[PlyCount "76"]
[EventDate "2010.10.01"]
[EventType "tourn (corr)"]
[EventRounds "6"]
[EventCountry "GER"]
[SourceTitle "Telechess CBM 151"]
[Source "ChessBase"]
[SourceDate "2012.11.13"]
[SourceVersion "1"]
[SourceVersionDate "2012.11.13"]
[SourceQuality "1"]

1. c4 c5 2. Nc3 g6 3. g3 Bg7 4. Bg2 Nc6 5. e4 d6 6. Nge2 e6 7. 0-0 Nge7 8. d3 0-0 9. Be3 Nd4 10. Rb1 Nec6 11. a3 a5 12. Nb5 Nxb5 13. cxb5 Nd4 14. Nxd4 Bxd4 15. Bxd4 cxd4 16. Rc1 a4 17. Rc4 Ra5 18. Rxd4 Rxb5 19. Qd2 Qb6 20. Rb4 Rxb4 21. Qxb4 Qxb4 22. axb4 e5 23. Rc1 Be6 24. f4 Rc8 25. Rxc8+ Bxc8 26. Kf2 Bd7 27. Ke3 f6 28. d4 Bb5 29. Bh3 Kf7 30. Bc8 b6 31. Bb7 Ke7 32. Bd5 Kd7 33. h4 h6 34. Bf7 g5 35. fxg5 fxg5 36. hxg5 hxg5 37. dxe5 dxe5 38. Bh5 Bc4 1/2-1/2

[Event "CP-2010-P-00056"]
[Site "LSS email"]
[Date "2010.09.28"]
[Round "?"]
[White "Weeks, Mark A"]
[Black "Law, Stephen"]
[Result "1-0"]
[WhiteElo "2160"]
[BlackElo "1466"]
[PlyCount "31"]
[EventDate "2010.10.01"]
[EventType "tourn (corr)"]
[EventRounds "6"]
[EventCountry "GER"]
[SourceTitle "Corr 2015"]
[Source "ChessBase"]
[SourceDate "2015.07.17"]
[SourceVersion "1"]
[SourceVersionDate "2015.07.17"]
[SourceQuality "1"]

1. e4 e5 2. Nf3 Nc6 3. Bb5 a6 4. Ba4 Nf6 5. 0-0 Nxe4 6. d4 b5 7. Bb3 d5 8. dxe5 Be6 9. Nbd2 Nc5 10. c3 Be7 11. Bc2 d4 12. Nb3 d3 13. Bb1 Nxb3 14. axb3 Qd5 15. Qxd3 Qxb3 16. Ba2 1-0

[Event "CP-2008-Q-00013"]
[Site "LSS email"]
[Date "2010.01.22"]
[Round "?"]
[White "Weeks, Mark A"]
[Black "Veloso Fargnoli, Rodrigo"]
[Result "1-0"]
[WhiteElo "2137"]
[BlackElo "2172"]
[PlyCount "93"]
[EventDate "2010.01.15"]
[EventType "tourn (corr)"]
[EventRounds "6"]
[EventCountry "GER"]
[SourceTitle "Telechess CBM 141"]
[Source "ChessBase"]
[SourceDate "2011.03.17"]
[SourceVersion "1"]
[SourceVersionDate "2011.03.17"]
[SourceQuality "1"]

1. e4 c5 2. Nf3 d6 3. d4 cxd4 4. Nxd4 Nf6 5. Nc3 a6 6. f4 e5 7. Nf3 Nbd7 8. a4 Be7 9. Bc4 0-0 10. 0-0 Qb6+ 11. Kh1 exf4 12. a5 Qc5 13. Bb3 Ne5 14. Bxf4 Bd7 15. Qd2 Rad8 16. Nd5 Nxd5 17. Bxd5 Be6 18. b4 Qc7 19. Rac1 Bxd5 20. exd5 Qc4 21. Qd4 Qxd4 22. Nxd4 Bf6 23. Nf5 g6 24. Ng3 Be7 25. Ne4 f5 26. Nd2 Rc8 27. Rfe1 Bf6 28. Re3 Ng4 29. Re2 Bc3 30. Bxd6 Rfd8 31. Bc5 Rxd5 32. Nc4 Bxb4 33. Bxb4 Rxc4 34. Re8+ Kg7 35. Re7+ Kf6 36. Rxb7 Rxc2 37. Rb1 f4 38. Ra7 Nf2+ 39. Kg1 Nd3 40. Be7+ Ke6 41. Rd1 Rxa5 42. Bd8 Rd2 43. Re1+ Re5 44. Re7+ Kf5 45. Rf7+ Kg4 46. Rf1 Re6 47. h3+ 1-0

[Event "LSS CP-2008-P-00056"]
[Site "LSS email"]
[Date "2008.10.01"]
[Round "?"]
[White "Bontems, Cyrille"]
[Black "Weeks, Mark A"]
[Result "0-1"]
[WhiteElo "1312"]
[BlackElo "2127"]
[PlyCount "42"]
[EventDate "2008.10.01"]
[EventType "tourn (corr)"]
[EventRounds "6"]
[EventCountry "GER"]
[SourceTitle "Corr 2011"]
[Source "ChessBase"]
[SourceDate "2010.08.31"]
[SourceVersion "1"]
[SourceVersionDate "2010.08.31"]
[SourceQuality "1"]

1. e4 c5 2. Nf3 e6 3. d4 cxd4 4. Nxd4 a6 5. Nc3 d6 6. g4 b5 7. Bg2 Bb7 8. 0-0 Nf6 9. g5 Nfd7 10. f4 Nc6 11. Be3 Be7 12. f5 Nxd4 13. Qxd4 0-0 14. h4 Ne5 15. Bh3 f6 16. Kg2 fxg5 17. hxg5 exf5 18. Rxf5 Rxf5 19. Bxf5 Bxg5 20. Rh1 Ng6 21. Bxg6 hxg6 0-1

[Event "LSS CP-2008-P-00056"]
[Site "LSS email"]
[Date "2008.10.01"]
[Round "?"]
[White "Weeks, Mark A"]
[Black "Digalakis, Georgios"]
[Result "1-0"]
[WhiteElo "2118"]
[BlackElo "1715"]
[PlyCount "99"]
[EventDate "2008.10.01"]
[EventType "tourn (corr)"]
[EventRounds "6"]
[EventCountry "GER"]
[SourceTitle "Corr 2011"]
[Source "ChessBase"]
[SourceDate "2010.08.31"]
[SourceVersion "1"]
[SourceVersionDate "2010.08.31"]
[SourceQuality "1"]

1. e4 e5 2. Nf3 Nc6 3. Bb5 a6 4. Ba4 Nf6 5. 0-0 Be7 6. Qe2 b5 7. Bb3 d6 8. c3 0-0 9. Rd1 Na5 10. Bc2 c5 11. d4 cxd4 12. cxd4 Qc7 13. d5 Bd7 14. Bd3 Rfc8 15. Nbd2 Nb7 16. Nb3 Nc5 17. Nxc5 dxc5 18. h3 c4 19. Bc2 Ne8 20. Nh2 Bc5 21. Kh1 Nd6 22. f4 f6 23. f5 b4 24. Be3 c3 25. b3 a5 26. g4 a4 27. g5 axb3 28. axb3 Bb5 29. Qf3 Bxe3 30. Qxe3 fxg5 31. Qxg5 Ne8 32. Rg1 Ra3 33. Qh4 Rca8 34. Rac1 R3a7 35. f6 Kh8 36. Ng4 Ra6 37. fxg7+ Qxg7 38. Rg3 Ra1 39. Rxa1 Rxa1+ 40. Kh2 Ra6 41. Ne3 Qf6 42. Qg5 Qxg5 43. Rxg5 Ra1 44. Kg2 Re1 45. Kf3 Rh1 46. Rxe5 Rxh3+ 47. Kf4 Nf6 48. d6 Bc6 49. Rc5 Rh4+ 50. Kg5 1-0

[Event "LSS CP-2008-P-00056"]
[Site "LSS email"]
[Date "2008.10.01"]
[Round "?"]
[White "Weeks, Mark A"]
[Black "Llorente Alvarez, Jose Luis"]
[Result "1/2-1/2"]
[WhiteElo "2136"]
[BlackElo "2063"]
[PlyCount "100"]
[EventDate "2008.10.01"]
[EventType "tourn (corr)"]
[EventRounds "6"]
[EventCountry "GER"]
[SourceTitle "Corr 2011"]
[Source "ChessBase"]
[SourceDate "2010.08.31"]
[SourceVersion "1"]
[SourceVersionDate "2010.08.31"]
[SourceQuality "1"]

1. e4 c5 2. Nf3 d6 3. d4 cxd4 4. Nxd4 Nf6 5. Nc3 a6 6. Be2 e5 7. Nb3 Be7 8. 0-0 Be6 9. f4 Qc7 10. Kh1 Nbd7 11. a4 0-0 12. a5 Bc4 13. Ra4 b5 14. axb6 Nxb6 15. Ra5 h6 16. Nd2 Be6 17. fxe5 dxe5 18. Rxa6 Bb4 19. Rxa8 Rxa8 20. Ndb1 Ra1 21. Qd3 Bc4 22. Qf3 Bxe2 23. Qxe2 Qc6 24. Qd3 Na4 25. Nd5 Rxb1 26. Nxb4 Qxe4 27. Qxe4 Nxe4 28. Nd3 Nd6 29. Re1 f6 30. Kg1 e4 31. Bf4 Rxe1+ 32. Nxe1 Nb5 33. Bc1 Kf7 34. Kf2 f5 35. g4 fxg4 36. Ke3 Nd6 37. Kd4 Ke6 38. b4 g5 39. c4 Nf7 40. c5 Ne5 41. Nc2 h5 42. Ne3 h4 43. Nf1 Nf3+ 44. Kxe4 Nc3+ 45. Kd3 Nd5 46. b5 h3 47. b6 Nxh2 48. b7 Nb4+ 49. Ke2 Na6 50. Bxg5 Nf3 1/2-1/2

[Event "LSS CP-2006-Q-00007"]
[Site "LSS email"]
[Date "2008.01.15"]
[Round "?"]
[White "Weeks, Mark A"]
[Black "Miettinen, Kristo S"]
[Result "0-1"]
[WhiteElo "2164"]
[BlackElo "2251"]
[PlyCount "110"]
[EventDate "2008.01.15"]
[EventType "tourn (corr)"]
[EventRounds "6"]
[EventCountry "GER"]
[SourceTitle "Corr 2013"]
[Source "ChessBase"]
[SourceDate "2012.11.12"]
[SourceVersion "1"]
[SourceVersionDate "2012.11.12"]
[SourceQuality "1"]
[WhiteTeam "US of America"]
[BlackTeam "US of America"]
[WhiteTeamCountry "USA"]
[BlackTeamCountry "USA"]

1. e4 e5 2. Nf3 Nc6 3. Bb5 a6 4. Ba4 Nf6 5. 0-0 Be7 6. Qe2 b5 7. Bb3 d6 8. c3 0-0 9. Rd1 Na5 10. Bc2 c5 11. d4 Qc7 12. d5 Bd7 13. b3 Nb7 14. Nbd2 Rfb8 15. Nf1 c4 16. bxc4 Nc5 17. N3d2 Qa5 18. Bb2 Na4 19. Bxa4 Qxa4 20. c5 dxc5 21. c4 Bd6 22. Rdc1 Bg4 23. f3 Bd7 24. Qf2 Nh5 25. g3 f6 26. Ne3 g6 27. Rc3 Qa5 28. Nb3 Qc7 29. Nc1 b4 30. Rc2 a5 31. Nd3 a4 32. Rf1 Rb6 33. Qe1 b3 34. axb3 axb3 35. Rc1 Ra2 36. Rb1 Rb7 37. Rf2 Bf8 38. Bc3 Ra3 39. Rfb2 Ng7 40. Nf1 Ne8 41. Qe3 Ba4 42. Be1 Nd6 43. Nd2 Qb6 44. Bf2 Rc7 45. f4 Nf7 46. Nc1 Qb8 47. Qc3 Qc8 48. Ncxb3 exf4 49. gxf4 Rb7 50. Bh4 g5 51. Bg3 Qg4 52. Kh1 Bxb3 53. Nxb3 Bd6 54. Rf1 Qh3 55. Rf3 Rbxb3 0-1

[Event "LSS SH-2007-0-00153"]
[Site "LSS email"]
[Date "2007.11.06"]
[Round "?"]
[White "Grkinic, Goran"]
[Black "Weeks, Mark A"]
[Result "1/2-1/2"]
[WhiteElo "2117"]
[BlackElo "2179"]
[PlyCount "148"]
[EventDate "2007.11.04"]
[EventType "tourn (corr)"]
[EventRounds "6"]
[EventCountry "GER"]
[SourceTitle "Corr 2011"]
[Source "ChessBase"]
[SourceDate "2010.08.31"]
[SourceVersion "1"]
[SourceVersionDate "2010.08.31"]
[SourceQuality "1"]

1. d4 Nf6 2. c4 g6 3. Nf3 Bg7 4. Nc3 0-0 5. e3 c5 6. Be2 cxd4 7. exd4 d5 8. cxd5 Nxd5 9. Qb3 Nb6 10. 0-0 Be6 11. Qa3 Nc6 12. Rd1 Rc8 13. Be3 a6 14. Rac1 Nd5 15. Nxd5 Bxd5 16. Ne5 Nxe5 17. Rxc8 Qxc8 18. dxe5 Qe6 19. f4 Bxa2 20. Bf3 f6 21. exf6 Bxf6 22. Bf2 b5 23. h4 Bc4 24. h5 gxh5 25. Bxh5 Qf5 26. Qg3+ Kh8 27. Bg4 Qg6 28. Qf3 Bxb2 29. Bc5 Be5 30. f5 Qf6 31. Qe3 Rc8 32. Bb4 Rc7 33. Rd8+ Bg8 34. Bc5 Bf4 35. Qd4 Qe5 36. Qxe5+ Bxe5 37. f6 exf6 38. Be6 Rg7 39. Bb4 h5 40. Kf1 Rg6 41. Ra8 f5 42. Bf7 Rg4 43. Bd2 Kh7 44. Bxg8+ Rxg8 45. Rxa6 Rg6 46. Ra7+ Rg7 47. Ra6 Rd7 48. Ke2 Kg7 49. Rb6 Rd5 50. Rb7+ Kg6 51. Rb6+ Kf7 52. Rb7+ Ke6 53. Rh7 Bd6 54. Rh6+ Kd7 55. Rxh5 Kc6 56. Rh4 Bg3 57. Rh6+ Kc5 58. Be3+ Kc4 59. Rc6+ Kb4 60. Bd2+ Ka4 61. Rg6 Be5 62. g4 fxg4 63. Rxg4+ Kb3 64. Re4 Bc3 65. Bh6 Bb4 66. Be3 Bc5 67. Bd2 Bd4 68. Re8 Bc3 69. Bh6 Kc2 70. Bf8 Rd2+ 71. Kf3 Kd3 72. Rb8 Kc4 73. Rc8+ Kb3 74. Rc5 b4 1/2-1/2